| 000 | 00439nam a2200181Ia 4500 | ||
|---|---|---|---|
| 001 | 9059 | ||
| 005 | 20260306160655.0 | ||
| 008 | 260306t2008||||xx |||||||||||||| ||spa|| | ||
| 041 | _aESP | ||
| 082 |
_a372.47 _bF75 |
||
| 100 |
_aForero, María Teresa _eAUT |
||
| 245 | 0 | _aTaller práctico de comprensión de textos | |
| 260 | _c2008 | ||
| 300 |
_a360 páginas : _c28 cm. |
||
| 650 | _aGEN | ||
| 654 | _aCED | ||
| 942 |
_cLIB _dJUS _fJUS _2ddc _n |
||
| 999 |
_c9059 _d9059 |
||